| 000 | 00838nam a2200193Ia 4500 | ||
|---|---|---|---|
| 003 | OSt | ||
| 005 | 20251118110719.0 | ||
| 008 | 210210b2009 xxu||||| |||| 00| 0 eng d | ||
| 040 | _cAL | ||
| 041 | _aKannada | ||
| 082 | _a294.5211K VIDK | ||
| 100 |
_aVIDYANANDA SVAMIJI _9100083 _dವಿದ್ಯಾನಂದ ಸ್ವಾಮೀಜಿ |
||
| 245 |
_aKrashna mahime mattu shri krashna namada mahime : Bhaktipara shlokagalu: sangraha jodane: anuvada tike tippani sahita _b ಕೃಷ್ಣ ಮಹಿಮೆ ಮತ್ತು ಶ್ರೀಕೃಷ್ಣ ನಾಮದ ಮಹಿಮೆ : ಶ್ಲೋಕಗಳು: ಸಂಗ್ರಹ ಜೋಡಣೆ : ಅನುವಾದ ಠೀಕೆ ಟಿಪ್ಪಣಿ ಸಹಿತ |
||
| 260 |
_aMangaluru _b- _c2009 |
||
| 300 | _axiv,82 | ||
| 690 |
_aHinduism _9100084 |
||
| 906 | _a064119 | ||
| 942 |
_2ddc _cBK |
||
| 999 |
_c139837 _d139837 |
||